<?xml version="1.0" encoding="UTF-8"?>
<record
    xmlns:xsi="http://www.w3.org/2001/XMLSchema-instance"
    xsi:schemaLocation="http://www.loc.gov/MARC21/slim http://www.loc.gov/standards/marcxml/schema/MARC21slim.xsd"
    xmlns="http://www.loc.gov/MARC21/slim">

  <leader>00924nam a22002417a 4500</leader>
  <controlfield tag="003">3228</controlfield>
  <controlfield tag="005">20260622111038.0</controlfield>
  <controlfield tag="008">240508b        sa ||||| |||| 00| 0 eng d</controlfield>
  <datafield tag="020" ind1=" " ind2=" ">
    <subfield code="a">9781770084902</subfield>
    <subfield code="c">Hard Cover</subfield>
  </datafield>
  <datafield tag="040" ind1=" " ind2=" ">
    <subfield code="a">3228</subfield>
    <subfield code="b">English</subfield>
    <subfield code="c">rda</subfield>
  </datafield>
  <datafield tag="082" ind1=" " ind2=" ">
    <subfield code="a">J 297.2 SHEM</subfield>
  </datafield>
  <datafield tag="100" ind1=" " ind2=" ">
    <subfield code="a">Shemer M</subfield>
  </datafield>
  <datafield tag="110" ind1=" " ind2=" ">
    <subfield code="a">South Africa</subfield>
    <subfield code="9">183486</subfield>
  </datafield>
  <datafield tag="245" ind1=" " ind2=" ">
    <subfield code="a">Religions in southern Africa Islam</subfield>
  </datafield>
  <datafield tag="250" ind1=" " ind2=" ">
    <subfield code="a">First Edition</subfield>
  </datafield>
  <datafield tag="260" ind1=" " ind2=" ">
    <subfield code="a">South Africa:</subfield>
    <subfield code="b">Awareness Publishing Group (Pty) Ltd.;</subfield>
    <subfield code="c">c2013</subfield>
  </datafield>
  <datafield tag="300" ind1=" " ind2=" ">
    <subfield code="a">43 Pages.;</subfield>
    <subfield code="b">Coloured Pictures</subfield>
    <subfield code="c">26cm</subfield>
  </datafield>
  <datafield tag="520" ind1=" " ind2=" ">
    <subfield code="a">A basic introduction to the main religions in southern Africa. this book looks at the religion of islam, and explores its God,rules and traditions, and special buildings. it focuses on muslims in South Africa.</subfield>
  </datafield>
  <datafield tag="521" ind1=" " ind2=" ">
    <subfield code="a">Junior Non-Fiction-; Juvenile Literature</subfield>
  </datafield>
  <datafield tag="650" ind1=" " ind2=" ">
    <subfield code="2">Religions in southern Africa Islam</subfield>
  </datafield>
  <datafield tag="651" ind1=" " ind2=" ">
    <subfield code="2">South  Africa</subfield>
  </datafield>
  <datafield tag="942" ind1=" " ind2=" ">
    <subfield code="2">ddc</subfield>
    <subfield code="c">BOOK</subfield>
    <subfield code="y">174</subfield>
    <subfield code="z">Sanet Schoeman</subfield>
  </datafield>
  <datafield tag="999" ind1=" " ind2=" ">
    <subfield code="c">763709</subfield>
    <subfield code="d">763708</subfield>
  </datafield>
  <datafield tag="952" ind1=" " ind2=" ">
    <subfield code="0">0</subfield>
    <subfield code="1">0</subfield>
    <subfield code="4">0</subfield>
    <subfield code="7">0</subfield>
    <subfield code="a">HENDL</subfield>
    <subfield code="b">HENDL</subfield>
    <subfield code="d">2022-06-23</subfield>
    <subfield code="g">199.50</subfield>
    <subfield code="l">0</subfield>
    <subfield code="p">23089000140505</subfield>
    <subfield code="r">2022-06-23</subfield>
    <subfield code="w">2022-06-23</subfield>
    <subfield code="y">BK</subfield>
    <subfield code="z">120234</subfield>
  </datafield>
  <datafield tag="952" ind1=" " ind2=" ">
    <subfield code="0">0</subfield>
    <subfield code="1">0</subfield>
    <subfield code="4">0</subfield>
    <subfield code="7">0</subfield>
    <subfield code="a">EASTL</subfield>
    <subfield code="b">EASTL</subfield>
    <subfield code="d">2022-06-23</subfield>
    <subfield code="g">199.50</subfield>
    <subfield code="l">0</subfield>
    <subfield code="p">33089000212161</subfield>
    <subfield code="r">2022-06-23</subfield>
    <subfield code="w">2022-06-23</subfield>
    <subfield code="y">BK</subfield>
    <subfield code="z">1046/14</subfield>
  </datafield>
  <datafield tag="952" ind1=" " ind2=" ">
    <subfield code="0">0</subfield>
    <subfield code="1">0</subfield>
    <subfield code="2">ddc</subfield>
    <subfield code="4">0</subfield>
    <subfield code="7">0</subfield>
    <subfield code="8">200</subfield>
    <subfield code="a">KABOL</subfield>
    <subfield code="b">KABOL</subfield>
    <subfield code="c">Non_Fiction</subfield>
    <subfield code="d">2024-01-31</subfield>
    <subfield code="l">0</subfield>
    <subfield code="p">33228031112613</subfield>
    <subfield code="r">2024-01-31</subfield>
    <subfield code="w">2024-01-31</subfield>
    <subfield code="y">BOOK</subfield>
  </datafield>
  <datafield tag="952" ind1=" " ind2=" ">
    <subfield code="0">0</subfield>
    <subfield code="1">0</subfield>
    <subfield code="2">ddc</subfield>
    <subfield code="4">0</subfield>
    <subfield code="7">1</subfield>
    <subfield code="8">200</subfield>
    <subfield code="a">NTHOL</subfield>
    <subfield code="b">NTHOL</subfield>
    <subfield code="c">Non_Fiction</subfield>
    <subfield code="d">2024-05-08</subfield>
    <subfield code="i">3322830062553</subfield>
    <subfield code="l">0</subfield>
    <subfield code="o">23</subfield>
    <subfield code="r">2024-05-08</subfield>
    <subfield code="t">1</subfield>
    <subfield code="w">2024-05-08</subfield>
    <subfield code="y">BOOK</subfield>
  </datafield>
  <datafield tag="952" ind1=" " ind2=" ">
    <subfield code="0">0</subfield>
    <subfield code="1">0</subfield>
    <subfield code="2">ddc</subfield>
    <subfield code="4">0</subfield>
    <subfield code="7">0</subfield>
    <subfield code="8">200</subfield>
    <subfield code="a">ERMEL</subfield>
    <subfield code="b">DRIEL</subfield>
    <subfield code="c">GEN</subfield>
    <subfield code="d">2024-10-03</subfield>
    <subfield code="g">199.50</subfield>
    <subfield code="l">0</subfield>
    <subfield code="o">J 297 SHEM</subfield>
    <subfield code="p">33228031099880</subfield>
    <subfield code="r">2024-10-03</subfield>
    <subfield code="w">2024-10-03</subfield>
    <subfield code="y">BOOK</subfield>
  </datafield>
  <datafield tag="952" ind1=" " ind2=" ">
    <subfield code="0">0</subfield>
    <subfield code="1">0</subfield>
    <subfield code="2">ddc</subfield>
    <subfield code="4">0</subfield>
    <subfield code="7">0</subfield>
    <subfield code="a">MAFEL</subfield>
    <subfield code="b">MAFEL</subfield>
    <subfield code="c">CHILD</subfield>
    <subfield code="d">2024-12-19</subfield>
    <subfield code="i">3300610006377</subfield>
    <subfield code="l">0</subfield>
    <subfield code="p">LIB04730</subfield>
    <subfield code="r">2024-12-19</subfield>
    <subfield code="w">2024-12-19</subfield>
    <subfield code="y">BOOK</subfield>
  </datafield>
  <datafield tag="952" ind1=" " ind2=" ">
    <subfield code="0">0</subfield>
    <subfield code="1">0</subfield>
    <subfield code="2">ddc</subfield>
    <subfield code="4">0</subfield>
    <subfield code="7">0</subfield>
    <subfield code="a">MAFEL</subfield>
    <subfield code="b">MAFEL</subfield>
    <subfield code="c">CHILD</subfield>
    <subfield code="d">2024-12-19</subfield>
    <subfield code="i">33228010178745</subfield>
    <subfield code="l">0</subfield>
    <subfield code="p">LIB04735</subfield>
    <subfield code="r">2024-12-19</subfield>
    <subfield code="w">2024-12-19</subfield>
    <subfield code="y">BOOK</subfield>
  </datafield>
  <datafield tag="952" ind1=" " ind2=" ">
    <subfield code="0">0</subfield>
    <subfield code="1">0</subfield>
    <subfield code="2">ddc</subfield>
    <subfield code="4">0</subfield>
    <subfield code="7">0</subfield>
    <subfield code="8">200</subfield>
    <subfield code="a">THANPL</subfield>
    <subfield code="b">THANPL</subfield>
    <subfield code="c">GEN</subfield>
    <subfield code="d">2025-05-12</subfield>
    <subfield code="g">140.00</subfield>
    <subfield code="l">0</subfield>
    <subfield code="o">J 297.6 SHEM</subfield>
    <subfield code="p">3322803174321</subfield>
    <subfield code="r">2025-05-12</subfield>
    <subfield code="w">2025-05-12</subfield>
    <subfield code="y">BOOK</subfield>
  </datafield>
  <datafield tag="952" ind1=" " ind2=" ">
    <subfield code="0">0</subfield>
    <subfield code="1">0</subfield>
    <subfield code="2">ddc</subfield>
    <subfield code="4">0</subfield>
    <subfield code="7">0</subfield>
    <subfield code="8">200</subfield>
    <subfield code="a">HLHLL</subfield>
    <subfield code="b">HLHLL</subfield>
    <subfield code="c">GEN</subfield>
    <subfield code="d">2025-08-15</subfield>
    <subfield code="l">0</subfield>
    <subfield code="o">J 297.2 SHEM</subfield>
    <subfield code="p">3300610005425</subfield>
    <subfield code="r">2025-08-15</subfield>
    <subfield code="w">2025-08-15</subfield>
    <subfield code="y">BOOK</subfield>
  </datafield>
  <datafield tag="952" ind1=" " ind2=" ">
    <subfield code="0">0</subfield>
    <subfield code="1">0</subfield>
    <subfield code="2">ddc</subfield>
    <subfield code="4">0</subfield>
    <subfield code="7">0</subfield>
    <subfield code="8">200</subfield>
    <subfield code="a">STANRL</subfield>
    <subfield code="b">BETHL</subfield>
    <subfield code="c">CHILD</subfield>
    <subfield code="d">2026-06-22</subfield>
    <subfield code="l">0</subfield>
    <subfield code="o">J 297.2 SHEM</subfield>
    <subfield code="p">3228200044767</subfield>
    <subfield code="r">2026-06-22</subfield>
    <subfield code="w">2026-06-22</subfield>
    <subfield code="y">BOOK</subfield>
  </datafield>
</record>
